[Event "Bayern-ch (Women) 89th"]
[Site "Bad Kissingen"]
[Date "2018.08.30"]
[Round "6"]
[White "Mehling, Katharina"]
[Black "Niedermaier, Barbara"]
[Result "1-0"]
[WhiteElo "1920"]
[BlackElo "1923"]
[PlyCount "53"]
[EventDate "2018.08.26"]
[EventType "swiss"]
[EventRounds "9"]
[EventCountry "GER"]
[SourceTitle "EXT 2020"]
[Source "ChessBase"]
[SourceDate "2019.10.17"]
[SourceVersion "1"]
[SourceVersionDate "2019.10.17"]
[SourceQuality "1"]

1. e4 c5 2. Nf3 Nc6 3. d4 cxd4 4. Nxd4 g6 5. Nc3 Bg7 6. Be3 Nf6 7. Bc4 0-0 8. Bb3 e6 9. 0-0 d5 10. exd5 exd5 11. h3 Na5 12. Qf3 Nxb3 13. axb3 Be6 14. Rfd1 a6 15. Nde2 Bf5 16. Nd4 Be4 17. Qe2 Qc8 18. g4 h5 19. f3 Bxf3 20. Qxf3 hxg4 21. hxg4 Nxg4 22. Nxd5 Re8 23. c3 Re5 24. Bf4 Nh2 25. Kxh2 Rxd5 26. Qxd5 Qg4 27. Qg5 1-0

[Event "Bayern-ch (Women) 89th"]
[Site "Bad Kissingen"]
[Date "2018.08.30"]
[Round "7"]
[White "Roos, Karin"]
[Black "Niedermaier, Barbara"]
[Result "0-1"]
[WhiteElo "1742"]
[BlackElo "1923"]
[PlyCount "68"]
[EventDate "2018.08.26"]
[EventType "swiss"]
[EventRounds "9"]
[EventCountry "GER"]
[SourceTitle "EXT 2020"]
[Source "ChessBase"]
[SourceDate "2019.10.17"]
[SourceVersion "1"]
[SourceVersionDate "2019.10.17"]
[SourceQuality "1"]

1. e4 c5 2. Nf3 Nc6 3. c3 e6 4. d4 d5 5. exd5 exd5 6. Be2 Nf6 7. 0-0 Be7 8. Na3 0-0 9. Nc2 Ne4 10. dxc5 Bxc5 11. Ncd4 Qb6 12. h3 Be6 13. Qd3 Bxd4 14. Nxd4 Ne5 15. Qb5 Qc7 16. Be3 a6 17. Qb3 Qd7 18. Nxe6 fxe6 19. Bd4 Ng6 20. Rad1 Nf4 21. Bf3 Ng5 22. c4 Nfxh3+ 23. gxh3 Nxf3+ 24. Kg2 Qd6 25. Qxf3 Rxf3 26. Kxf3 e5 27. Be3 Qf6+ 28. Ke2 d4 29. Bc1 b5 30. cxb5 axb5 31. a3 e4 32. b4 Qf3+ 33. Ke1 Rc8 34. Bb2 Rc2 0-1

[Event "Bayern-ch (Women) 89th"]
[Site "Bad Kissingen"]
[Date "2018.08.28"]
[Round "4"]
[White "Schaefer, Ann Kathrin"]
[Black "Niedermaier, Barbara"]
[Result "0-1"]
[WhiteElo "1697"]
[BlackElo "1923"]
[PlyCount "80"]
[EventDate "2018.08.26"]
[EventType "swiss"]
[EventRounds "9"]
[EventCountry "GER"]
[SourceTitle "EXT 2020"]
[Source "ChessBase"]
[SourceDate "2019.10.17"]
[SourceVersion "1"]
[SourceVersionDate "2019.10.17"]
[SourceQuality "1"]

1. e4 c5 2. Nc3 Nc6 3. f4 g6 4. Nf3 Bg7 5. Bb5 d6 6. Bxc6+ bxc6 7. 0-0 Bg4 8. d3 Rb8 9. Qe1 Bxf3 10. Rxf3 Bd4+ 11. Kh1 Qc7 12. f5 Nf6 13. Rb1 Ng4 14. Bf4 Qa5 15. Bg3 0-0 16. h3 Ne5 17. Rf1 Bxc3 18. Qxc3 Qxc3 19. bxc3 Nd7 20. Rb3 c4 21. Rb4 cxd3 22. cxd3 Nc5 23. Rd1 a5 24. Rbb1 Rxb1 25. Rxb1 Nxd3 26. Rb7 Re8 27. Ra7 Nc5 28. fxg6 hxg6 29. e5 Ne4 30. Be1 dxe5 31. Rxa5 f6 32. Ra4 f5 33. Ra6 Rd8 34. Kh2 Rd1 35. Bg3 f4 36. Bxf4 exf4 37. Rxc6 Kf7 38. Rc4 Re1 39. a4 e5 40. a5 Ng3 0-1

[Event "BL2 Sued 1516 (Women)"]
[Site "Germany"]
[Date "2015.12.06"]
[Round "4.4"]
[White "Wilke, Tabea"]
[Black "Niedermaier, Barbara"]
[Result "0-1"]
[WhiteElo "1759"]
[BlackElo "1963"]
[PlyCount "138"]
[EventDate "2015.09.26"]
[EventType "team-tourn"]
[EventRounds "7"]
[EventCountry "GER"]
[SourceTitle "EXT 2017"]
[Source "ChessBase"]
[SourceDate "2016.10.25"]
[SourceVersion "1"]
[SourceVersionDate "2016.10.25"]
[SourceQuality "1"]
[WhiteTeam "Langen (W)"]
[BlackTeam "Muenchen Bayern (W)"]
[WhiteTeamCountry "GER"]
[BlackTeamCountry "GER"]

1. e4 c5 2. Nc3 g6 3. f4 Bg7 4. Nf3 e6 5. d3 Ne7 6. g3 b6 7. Bg2 Bb7 8. Bd2 Nbc6 9. Qc1 0-0 10. 0-0 f5 11. e5 d6 12. exd6 Qxd6 13. Re1 Nd4 14. Qd1 Nxf3+ 15. Bxf3 Bxf3 16. Qxf3 c4 17. Qe2 cxd3 18. Qxe6+ Qxe6 19. Rxe6 Kf7 20. Rae1 Ng8 21. cxd3 Rfd8 22. Rc6 Rxd3 23. Rc7+ Kf8 24. Nb1 Bd4+ 25. Kg2 Nf6 26. Bb4+ Kg8 27. Bc3 Nd5 28. Rd7 Nxc3 29. bxc3 Bxc3 30. Rxd3 Bxe1 31. Re3 Bb4 32. Nc3 Rd8 33. Nb5 Rd2+ 34. Kh3 Rxa2 35. Re8+ Kf7 36. Rc8 a6 37. Nd4 Bc5 38. Nf3 Be7 39. Ne5+ Ke6 40. Rc6+ Bd6 41. Rxb6 Kd5 42. Nf3 a5 43. Rb7 a4 44. Rxh7 a3 45. Ra7 Re2 46. Ra4 Bc5 47. Kh4 Be7+ 48. Kh3 a2 49. Nd4 Rb2 50. Nb3 Rxb3 51. Rxa2 Rb6 52. Re2 Bf6 53. Kg2 g5 54. fxg5 Bxg5 55. h3 Re6 56. Rxe6 Kxe6 57. Kf3 Bc1 58. g4 f4 59. Ke4 Kf6 60. h4 Be3 61. Kf3 Ke5 62. Ke2 Ke4 63. Kf1 f3 64. g5 Kf5 65. Ke1 Kg6 66. Kf1 Kh5 67. Ke1 Kxh4 68. g6 Bd4 69. Kf1 Kg3 0-1

[Event "GER-chT Federal Cup (Women)"]
[Site "Braunfels"]
[Date "2014.06.21"]
[Round "4.8"]
[White "Niedermaier, Barbara"]
[Black "Peetz, Katharina"]
[Result "1-0"]
[WhiteElo "1831"]
[BlackElo "1608"]
[PlyCount "77"]
[EventDate "2014.06.19"]
[EventType "team-swiss"]
[EventRounds "5"]
[EventCountry "GER"]
[SourceTitle "EXT 2015"]
[Source "ChessBase"]
[SourceDate "2014.11.20"]
[SourceVersion "1"]
[SourceVersionDate "2014.11.20"]
[SourceQuality "1"]
[WhiteTeam "Bayern (W)"]
[BlackTeam "Rheinland Pfalz (W)"]
[WhiteTeamCountry "GER"]
[BlackTeamCountry "GER"]

1. e4 c5 2. Nf3 d6 3. d4 Nf6 4. dxc5 Nxe4 5. Be3 Qa5+ 6. Nbd2 Nxd2 7. Qxd2 Qxd2+ 8. Nxd2 e5 9. cxd6 Bxd6 10. Nc4 Bc7 11. Bc5 Bf5 12. Bd6 Na6 13. Bxc7 Nxc7 14. Nd6+ Kf8 15. Nxf5 g6 16. Ne3 Rd8 17. Bd3 Ke7 18. 0-0-0 Rd4 19. c3 Rd7 20. Be4 b6 21. Rxd7+ Kxd7 22. Rd1+ Ke6 23. Bd5+ Ke7 24. Bxf7 Rf8 25. Nd5+ Nxd5 26. Bxd5 Rxf2 27. Bf3 g5 28. h3 h5 29. Rd2 Rf1+ 30. Kc2 h4 31. Kd3 Kf6 32. Ke3 Re1+ 33. Kf2 Rb1 34. Bd1 e4 35. Ke3 Ke5 36. c4 Rc1 37. Bc2 Re1+ 38. Re2 Rc1 39. Kd2 1-0

[Event "GER-chT Federal Cup (Women)"]
[Site "Braunfels"]
[Date "2013.06.02"]
[Round "5.7"]
[White "Niedermaier, Barbara"]
[Black "Tinnes, Marie Christine"]
[Result "1-0"]
[WhiteElo "1960"]
[BlackElo "1116"]
[PlyCount "41"]
[EventDate "2013.05.30"]
[EventType "team-swiss"]
[EventRounds "5"]
[EventCountry "GER"]
[SourceTitle "EXT 2014"]
[Source "ChessBase"]
[SourceDate "2013.11.20"]
[SourceVersion "1"]
[SourceVersionDate "2013.11.20"]
[SourceQuality "1"]
[WhiteTeam "Bayern (W)"]
[BlackTeam "Saarland (W)"]
[WhiteTeamCountry "GER"]
[BlackTeamCountry "GER"]

1. e4 c6 2. d4 d5 3. exd5 cxd5 4. c4 e6 5. Nf3 Nf6 6. Nc3 Bb4 7. Bd2 Bxc3 8. Bxc3 Nc6 9. Bd3 0-0 10. 0-0 Re8 11. Qc2 g6 12. Rfe1 b6 13. Rad1 Bb7 14. Ng5 dxc4 15. Bxc4 Nd5 16. Qd2 Nxc3 17. bxc3 Qf6 18. Ne4 Qe7 19. Qh6 Qf8 20. Nf6+ Kh8 21. Qxh7# 1-0

[Event "GER-chT Federal Cup (Women)"]
[Site "Germany"]
[Date "2011.06.18"]
[Round "4.4"]
[White "Niedermaier, Barbara"]
[Black "Ramm, Madlen"]
[Result "1-0"]
[WhiteElo "1982"]
[BlackElo "1512"]
[PlyCount "97"]
[EventDate "2011.06.16"]
[EventType "team-swiss"]
[EventRounds "5"]
[EventCountry "GER"]
[SourceTitle "EXT 2012"]
[Source "ChessBase"]
[SourceDate "2011.11.24"]
[SourceVersion "1"]
[SourceVersionDate "2011.11.24"]
[SourceQuality "1"]
[WhiteTeam "Bayern"]
[BlackTeam "Saarland"]
[WhiteTeamCountry "GER"]
[BlackTeamCountry "GER"]

1. e4 d5 2. exd5 Qxd5 3. Nc3 Qd6 4. d4 Nf6 5. h3 c6 6. Nf3 Bf5 7. Bc4 e6 8. Bg5 Be7 9. Qe2 Nbd7 10. a3 h6 11. Bh4 Nb6 12. Bg3 Qd7 13. Ba2 0-0 14. Be5 Nfd5 15. Nxd5 cxd5 16. 0-0 Rac8 17. c3 Nc4 18. Bb1 Bxb1 19. Raxb1 Bd6 20. Bxd6 Qxd6 21. Ne5 Qe7 22. Nxc4 Rxc4 23. Rfd1 Qg5 24. Rd3 Qg6 25. Rbd1 f5 26. Rg3 Qf7 27. Re1 Re8 28. Re3 Rc6 29. Re5 Kf8 30. Qd3 g6 31. R1e3 Qf6 32. Qe2 Kf7 33. Rxd5 exd5 34. Rxe8 Re6 35. Rxe6 Qxe6 36. Qxe6+ Kxe6 37. Kf1 f4 38. Ke2 g5 39. Kd3 b5 40. b3 h5 41. c4 a6 42. g4 h4 43. f3 a5 44. cxb5 Kd6 45. Kc3 Kc7 46. a4 Kb7 47. b4 Kb6 48. bxa5+ Kxa5 49. Kb3 1-0

[Event "GER-chT Federal Cup (Women)"]
[Site "Germany"]
[Date "2011.06.16"]
[Round "1.4"]
[White "Niedermaier, Barbara"]
[Black "Leveikina, Jevgenija"]
[Result "1/2-1/2"]
[WhiteElo "1982"]
[BlackElo "2100"]
[PlyCount "20"]
[EventDate "2011.06.16"]
[EventType "team-swiss"]
[EventRounds "5"]
[EventCountry "GER"]
[SourceTitle "EXT 2012"]
[Source "ChessBase"]
[SourceDate "2011.11.24"]
[SourceVersion "1"]
[SourceVersionDate "2011.11.24"]
[SourceQuality "1"]
[WhiteTeam "Bayern"]
[BlackTeam "Nordrhein Westfalen"]
[WhiteTeamCountry "GER"]
[BlackTeamCountry "GER"]

1. c4 c5 2. Nf3 Nf6 3. Nc3 Nc6 4. g3 g6 5. Bg2 Bg7 6. 0-0 0-0 7. d3 d6 8. Bd2 Bd7 9. e3 a6 10. a3 Rb8 1/2-1/2

[Event "BL2 Sued 1011 (Women)"]
[Site "Germany"]
[Date "2010.12.05"]
[Round "4.3"]
[White "Meier, Annemarie Sylvia"]
[Black "Niedermaier, Barbara"]
[Result "1/2-1/2"]
[WhiteElo "2272"]
[BlackElo "1983"]
[PlyCount "36"]
[EventDate "2010.11.06"]
[EventType "team-tourn"]
[EventRounds "7"]
[EventCountry "GER"]
[SourceTitle "EXT 2012"]
[Source "ChessBase"]
[SourceDate "2011.11.24"]
[SourceVersion "1"]
[SourceVersionDate "2011.11.24"]
[SourceQuality "1"]
[WhiteTeam "Deizisau (W)"]
[BlackTeam "Bayern Muenchen (W)"]
[WhiteTeamCountry "GER"]
[BlackTeamCountry "GER"]

1. d4 Nf6 2. c4 e6 3. Nc3 b6 4. Nf3 Bb7 5. a3 d5 6. cxd5 exd5 7. g3 Be7 8. Bg2 c5 9. 0-0 Nc6 10. Bg5 Ne4 11. Bxe7 Nxe7 12. Rc1 Nxc3 13. Rxc3 c4 14. b3 b5 15. Qb1 Rb8 16. Rd1 a5 17. bxc4 bxc4 18. Qc2 f6 1/2-1/2

[Event "GER-chT Federal Cup (Women)"]
[Site "Braunfels"]
[Date "2010.06.04"]
[Round "2"]
[White "Nattermueller, Irina"]
[Black "Niedermaier, Barbara"]
[Result "1-0"]
[WhiteElo "2100"]
[BlackElo "2003"]
[PlyCount "75"]
[EventDate "2010.06.03"]
[EventType "team-swiss"]
[EventRounds "5"]
[EventCountry "GER"]
[SourceTitle "CBM 136 Extra"]
[Source "ChessBase"]
[SourceDate "2010.07.02"]
[SourceVersion "2"]
[SourceVersionDate "2010.07.15"]
[SourceQuality "1"]

1. e4 c5 2. Nf3 Nc6 3. d4 cxd4 4. Nxd4 g6 5. Nc3 Nf6 6. Be2 Bg7 7. Nb3 0-0 8. 0-0 e6 9. Bg5 h6 10. Bh4 Qe8 11. Nb5 Rb8 12. Nd6 Qd8 13. c3 Qc7 14. f4 Ne8 15. Nb5 Qb6+ 16. Bf2 Qd8 17. Bc5 d6 18. Nxd6 Bd7 19. Nb5 Nf6 20. Nd6 b6 21. Ba3 Qc7 22. Nb5 Qb7 23. Bxf8 Bxf8 24. Bf3 Na5 25. Nd6 Qc7 26. e5 Ne8 27. Ne4 Nc4 28. Rf2 Rd8 29. Qe1 Bc6 30. Rd1 Bd5 31. Kh1 Be7 32. Re2 g5 33. Qg3 Nxb2 34. Rxb2 Bxe4 35. Rxd8 Qxd8 36. Rd2 Bd5 37. c4 Bb4 38. Rd1 1-0

[Event "BL2 Sued 0910 (Women)"]
[Site "Germany"]
[Date "2009.12.05"]
[Round "3.3"]
[White "Zahn, Nicol"]
[Black "Niedermaier, Barbara"]
[Result "1/2-1/2"]
[WhiteElo "1960"]
[BlackElo "2003"]
[PlyCount "119"]
[EventDate "2009.11.07"]
[EventType "team-tourn"]
[EventRounds "7"]
[EventCountry "GER"]
[SourceTitle "CBM 133 Extra"]
[Source "ChessBase"]
[SourceDate "2010.01.05"]
[SourceVersion "1"]
[SourceVersionDate "2010.01.05"]
[SourceQuality "1"]
[WhiteTeam "Hofheim (W)"]
[BlackTeam "Bayern Muenchen (W)"]
[WhiteTeamCountry "GER"]
[BlackTeamCountry "GER"]

1. e4 c5 2. Nf3 Nc6 3. d3 g6 4. g3 Bg7 5. Bg2 e6 6. 0-0 Nge7 7. c3 0-0 8. Be3 d6 9. Qd2 f5 10. Bh6 Bd7 11. Na3 Ne5 12. Bxg7 Kxg7 13. Ng5 h6 14. Nh3 fxe4 15. dxe4 d5 16. f4 N5c6 17. Nf2 d4 18. Rad1 Rc8 19. Nc2 Qb6 20. b3 Rcd8 21. Kh1 Kh7 22. Nd3 Bc8 23. cxd4 cxd4 24. Rc1 a6 25. Na3 Qa5 26. Qb2 Nb4 27. Nxb4 Qxb4 28. Nc4 Nc6 29. a3 Qb5 30. e5 Na5 31. Nxa5 Qxa5 32. b4 Qb6 33. Be4 Bd7 34. Qc2 Bc6 35. Bxc6 Rc8 36. Qe4 Rxc6 37. Rxc6 Qxc6 38. Qxc6 bxc6 39. Rd1 Rd8 40. Kg2 a5 41. Kf3 axb4 42. axb4 d3 43. Ke3 Rb8 44. Rxd3 Rxb4 45. Rc3 Rb6 46. h4 g5 47. hxg5 hxg5 48. Kf3 Kg6 49. Kg4 gxf4 50. gxf4 Ra6 51. Rc4 Rb6 52. Rc1 Ra6 53. Rd1 c5 54. Rc1 Rc6 55. Rg1 Kf7 56. Kf3 Ra6 57. Rc1 Ra5 58. Rc4 Kg6 59. Rc1 Kf5 60. Rc4 1/2-1/2

[Event "GER-ch (Women)"]
[Site "Hockenheim"]
[Date "2009.08.27"]
[Round "6"]
[White "Niedermaier, Barbara"]
[Black "Giss, Helene"]
[Result "1-0"]
[WhiteElo "1995"]
[BlackElo "2073"]
[PlyCount "97"]
[EventDate "2009.08.21"]
[EventType "swiss"]
[EventRounds "9"]
[EventCountry "GER"]
[SourceTitle "CBM 131 Extra"]
[Source "ChessBase"]
[SourceDate "2009.09.03"]
[SourceVersion "2"]
[SourceVersionDate "2009.09.16"]
[SourceQuality "1"]

1. e4 e6 2. c4 d5 3. cxd5 exd5 4. exd5 Nf6 5. Nc3 Nxd5 6. d4 Bb4 7. Bd2 0-0 8. Bd3 Re8+ 9. Nge2 Nc6 10. 0-0 Nf6 11. Bg5 Be7 12. h3 Nd5 13. Bd2 Ndb4 14. Bc4 Bf5 15. Bf4 a6 16. a3 Nc2 17. Rc1 N2xd4 18. Nxd4 Qxd4 19. Qxd4 Nxd4 20. Bxc7 b5 21. Rcd1 Rac8 22. Rxd4 Rxc7 23. Nd5 Rd7 24. Nxe7+ Rexe7 25. Rf4 Bg6 26. Bb3 Re2 27. Rb4 Red2 28. a4 Rb7 29. Bc4 Bd3 30. Bxd3 Rxd3 31. Rc1 Kf8 32. Rc5 Rd1+ 33. Kh2 Rd2 34. f3 Ra7 35. axb5 axb5 36. Rbxb5 Ra2 37. Rb7 g6 38. Rcc7 Raxb2 39. Rxf7+ Kg8 40. Rg7+ Kf8 41. Rxb2 Rxb2 42. Rxh7 Kg8 43. Ra7 Rc2 44. h4 Rc4 45. Kh3 Rc2 46. g4 Rc1 47. Kg3 Rh1 48. Kf4 Rxh4 49. Kg5 1-0

[Event "GER-chT Federal Cup (Women)"]
[Site "Braunfels"]
[Date "2009.06.06"]
[Round "4"]
[White "Niedermaier, Barbara"]
[Black "Belostozkaja, Julia"]
[Result "0-1"]
[WhiteElo "1982"]
[BlackElo "2078"]
[PlyCount "58"]
[EventDate "2009.06.04"]
[EventType "team-swiss"]
[EventRounds "5"]
[EventCountry "GER"]
[SourceTitle "CBM 130 Extra"]
[Source "ChessBase"]
[SourceDate "2009.07.02"]
[SourceVersion "2"]
[SourceVersionDate "2009.07.15"]
[SourceQuality "1"]

1. e4 e5 2. Nf3 Nc6 3. Bc4 Nf6 4. d4 exd4 5. 0-0 Bc5 6. e5 d5 7. exf6 dxc4 8. Re1+ Be6 9. Ng5 Qd5 10. Nc3 Qf5 11. Nxe6 fxe6 12. fxg7 Rg8 13. Ne4 0-0-0 14. Bg5 Be7 15. Bh6 Bb4 16. Re2 Qg6 17. a3 Ba5 18. Bg5 Rxg7 19. g3 Rd5 20. Bf6 Rf7 21. b4 cxb3 22. cxb3 Rxf6 23. Nxf6 Qxf6 24. b4 Bb6 25. Qd3 Ne5 26. Qxh7 d3 27. Rea2 d2 28. Rf1 d1Q 29. Qg8+ Rd8 0-1

[Event "BL2 Sued 0809 (Women)"]
[Site "Germany"]
[Date "2009.03.08"]
[Round "7.4"]
[White "Henschel, Anke"]
[Black "Niedermaier, Barbara"]
[Result "0-1"]
[WhiteElo "1975"]
[BlackElo "1982"]
[PlyCount "42"]
[EventDate "2008.11.08"]
[EventType "team-tourn"]
[EventRounds "7"]
[EventCountry "GER"]
[SourceTitle "EXT 2010"]
[Source "ChessBase"]
[SourceDate "2010.11.25"]
[SourceVersion "1"]
[SourceVersionDate "2010.11.25"]
[SourceQuality "1"]
[WhiteTeam "Differten (W)"]
[BlackTeam "Bayern Muenchen (W)"]
[WhiteTeamCountry "GER"]
[BlackTeamCountry "GER"]

1. e4 c5 2. Nf3 Nc6 3. Bb5 g6 4. 0-0 Bg7 5. Re1 Ne5 6. Nxe5 Bxe5 7. c3 Qb6 8. Ba4 Nf6 9. Na3 Qc7 10. h3 Bh2+ 11. Kh1 h5 12. d4 Ng4 13. Qf3 cxd4 14. Bb3 Ne5 15. Qe2 d3 16. Qe3 Ng4 17. Qf3 Ne5 18. Qe3 Ng4 19. hxg4 hxg4 20. Qxd3 Qc5 21. Qd5 Bg3+ 0-1

[Event "BL2 Sued 0809 (Women)"]
[Site "Germany"]
[Date "2008.11.09"]
[Round "2.3"]
[White "Specht, Maria"]
[Black "Niedermaier, Barbara"]
[Result "0-1"]
[WhiteElo "1946"]
[BlackElo "1982"]
[PlyCount "62"]
[EventDate "2008.11.08"]
[EventType "team-tourn"]
[EventRounds "7"]
[EventCountry "GER"]
[SourceTitle "EXT 2010"]
[Source "ChessBase"]
[SourceDate "2010.11.25"]
[SourceVersion "1"]
[SourceVersionDate "2010.11.25"]
[SourceQuality "1"]
[WhiteTeam "Augsburg (W)"]
[BlackTeam "Bayern Muenchen (W)"]
[WhiteTeamCountry "GER"]
[BlackTeamCountry "GER"]

1. d4 d5 2. e3 e6 3. Bd3 c6 4. c3 f5 5. f3 Bd6 6. g3 e5 7. dxe5 Bxe5 8. Qc2 g6 9. e4 fxe4 10. fxe4 Nf6 11. exd5 Qxd5 12. Qe2 Bg4 13. Bc4 Qd6 14. Qd3 Qe7 15. Be3 Nbd7 16. Nd2 0-0-0 17. Kf2 Nc5 18. Qf1 Rxd2+ 19. Bxd2 Nce4+ 20. Kg2 Nxd2 21. Qf2 Nxc4 22. h3 Be6 23. Nf3 Bd5 24. Rhe1 Ne4 25. Qxa7 Bb8 26. Qd4 Rf8 27. b3 Qc7 28. bxc4 Qxg3+ 29. Kf1 Qxf3+ 30. Kg1 Qg3+ 31. Kh1 Qh2# 0-1

[Event "BL2 Sued 0708 (Women)"]
[Site "Germany"]
[Date "2008.03.16"]
[Round "7.3"]
[White "Cherednichenko, Elena"]
[Black "Niedermaier, Barbara"]
[Result "1/2-1/2"]
[WhiteElo "2070"]
[BlackElo "1980"]
[PlyCount "171"]
[EventDate "2007.11.10"]
[EventType "team-tourn"]
[EventRounds "7"]
[EventCountry "GER"]
[SourceTitle "EXT 2009"]
[Source "ChessBase"]
[SourceDate "2008.11.26"]
[SourceVersion "1"]
[SourceVersionDate "2008.11.26"]
[SourceQuality "1"]
[WhiteTeam "Krumbach (W)"]
[BlackTeam "Bayern Muenchen (W)"]
[WhiteTeamCountry "GER"]
[BlackTeamCountry "GER"]

1. d4 d5 2. Nf3 e6 3. e3 c5 4. b3 Nc6 5. Bd3 Nf6 6. 0-0 Be7 7. Nbd2 0-0 8. Bb2 b6 9. Ne5 Bb7 10. f4 Nb4 11. Be2 Nd7 12. Ndf3 f6 13. Nxd7 Qxd7 14. c3 Nc6 15. Bd3 e5 16. fxe5 fxe5 17. dxe5 Rad8 18. Qc2 h6 19. c4 d4 20. exd4 Nxd4 21. Nxd4 cxd4 22. Qe2 Rde8 23. Qh5 Qc6 24. Qg4 Bc5 25. Rae1 Rxf1+ 26. Kxf1 Rf8+ 27. Kg1 Rf4 28. Qg3 h5 29. Re2 Rg4 30. Qf2 Qe6 31. Qf1 Rg5 32. b4 Bxb4 33. Bxd4 Qd7 34. Be3 Rxe5 35. Qd1 Qe7 36. Bd4 Rxe2 37. Qxe2 Qxe2 38. Bxe2 g6 39. Bd3 Kf7 40. Kf2 Bd6 41. g3 h4 42. gxh4 Bxh2 43. c5 bxc5 44. Bc4+ Ke8 45. Bxc5 a6 46. Bd4 Ke7 47. Be3 Be5 48. Bc5+ Kf6 49. Be3 Ke7 50. Bg5+ Kf8 51. Ke3 Ke8 52. Kd3 a5 53. Be6 Bc7 54. Kc4 Bg3 55. Kc5 Bf3 56. Bf6 Be4 57. Bg5 Bf3 58. Kb6 Be1 59. Kb5 Be4 60. Bf6 Bf3 61. Bg5 Be4 62. Bg4 Bg2 63. h5 gxh5 64. Bxh5+ Kd7 65. Kb6 Ke6 66. Be8 Bd5 67. a3 Ke5 68. Kc5 Bf2+ 69. Kb5 Be1 70. Bd8 Bb3 71. Bc7+ Kd4 72. Bb6+ Ke5 73. Bxa5 Bxa5 74. Kxa5 Kd6 75. Kb6 Bd1 76. Bg6 Bb3 77. Be4 Bd1 78. Bc6 Bc2 79. Bb5 Bd1 80. Bd3 Bb3 81. Kb5 Kc7 82. Be4 Kb8 83. Kb4 Bd1 84. Bd3 Ka7 85. a4 Bxa4 86. Kxa4 1/2-1/2

[Event "BL2 Sued 0708 (Women)"]
[Site "Germany"]
[Date "2007.12.01"]
[Round "3.3"]
[White "Skibbe, Diana"]
[Black "Niedermaier, Barbara"]
[Result "1-0"]
[WhiteElo "2077"]
[BlackElo "1992"]
[PlyCount "231"]
[EventDate "2007.11.10"]
[EventType "team-tourn"]
[EventRounds "7"]
[EventCountry "GER"]
[SourceTitle "EXT 2009"]
[Source "ChessBase"]
[SourceDate "2008.11.26"]
[SourceVersion "1"]
[SourceVersionDate "2008.11.26"]
[SourceQuality "1"]
[WhiteTeam "Zeulenroda (W)"]
[BlackTeam "Bayern Muenchen (W)"]
[WhiteTeamCountry "GER"]
[BlackTeamCountry "GER"]

1. e4 c5 2. Nf3 Nc6 3. Nc3 g6 4. d4 cxd4 5. Nxd4 Bg7 6. Be3 Nf6 7. Nb3 0-0 8. Be2 e6 9. Bc5 Re8 10. Bd6 b6 11. Bf3 Ba6 12. Qd2 Rc8 13. 0-0-0 Bc4 14. g4 Bxb3 15. axb3 b5 16. b4 a5 17. g5 axb4 18. Nb1 Na5 19. Qxb4 Nh5 20. Qxb5 Nc4 21. c3 Rc6 22. Bb4 Qc7 23. e5 Rb8 24. Bxc6 Rxb5 25. Bxb5 Nxe5 26. Na3 d5 27. Rhe1 Nf3 28. Re3 Nxg5 29. Rxd5 Bh6 30. Rd7 Qb6 31. Red3 Ne4+ 32. Kb1 Nc5 33. R3d6 Nxd7 34. Rxb6 Nxb6 35. c4 Bf4 36. Bc5 Nc8 37. Bd7 Nd6 38. b4 Nf6 39. Bc6 Nfe4 40. Bxd6 Bxd6 41. Bxe4 Bxb4 42. Nc2 Bc5 43. f3 f5 44. Bc6 h5 45. Kc1 g5 46. Kd1 g4 47. Be8 h4 48. fxg4 fxg4 49. Bh5 g3 50. hxg3 hxg3 51. Bf3 Kf7 52. Ke2 Kf6 53. Bb7 Ke5 54. Kd3 Kd6 55. Bg2 Bf2 56. Ne3 Kc5 57. Ng4 Be1 58. Nf6 Kd6 59. Ne4+ Ke5 60. Ke3 Bb4 61. Nxg3 Kd6 62. Ke4 Be1 63. Nh5 Bc3 64. Bf1 e5 65. Nf6 Bb2 66. Kd3 Bd4 67. Ne4+ Kc6 68. Bh3 Kb6 69. Kc2 Bg1 70. Kb3 Bd4 71. Be6 Bg1 72. Bd5 Bd4 73. Kc2 Kc7 74. Kd3 Kb6 75. Nd6 Bg1 76. Ke4 Bh2 77. Nf7 Kc5 78. Nxe5 Kd6 79. Nf3 Bg3 80. Ke3 Kc5 81. Nd2 Bh2 82. Ne4+ Kb4 83. Nf2 Kc5 84. Ke4 Bg1 85. Kf3 Bh2 86. Ne4+ Kb6 87. c5+ Kc7 88. Nf2 Be5 89. Ke4 Bh2 90. Nh3 Bg3 91. c6 Bh2 92. Nf4 Bg3 93. Ne6+ Kc8 94. Bc4 Kb8 95. Kd5 Kc8 96. Ba6+ Kb8 97. Bb7 Bh2 98. Kc5 Bg3 99. Kb6 Bh2 100. Nc5 Bc7+ 101. Kb5 Bh2 102. Na6+ Ka7 103. Bc8 Bg3 104. Be6 Ka8 105. Bd5 Ka7 106. c7 Bxc7 107. Nxc7 Kb8 108. Kc6 Kc8 109. Ne6 Kb8 110. Bc4 Ka7 111. Kc7 Ka8 112. Nc5 Ka7 113. Nd7 Ka8 114. Nb6+ Ka7 115. Nc8+ Ka8 116. Bd5# 1-0

[Event "BL2 Sued 0708 (Women)"]
[Site "Germany"]
[Date "2007.11.11"]
[Round "2.3"]
[White "Niedermaier, Barbara"]
[Black "Gromova, Iulia"]
[Result "0-1"]
[WhiteElo "1992"]
[BlackElo "2209"]
[PlyCount "64"]
[EventDate "2007.11.10"]
[EventType "team-tourn"]
[EventRounds "7"]
[EventCountry "GER"]
[SourceTitle "EXT 2009"]
[Source "ChessBase"]
[SourceDate "2008.11.26"]
[SourceVersion "1"]
[SourceVersionDate "2008.11.26"]
[SourceQuality "1"]
[WhiteTeam "Bayern Muenchen (W)"]
[BlackTeam "Bad Koenigshofen (W)"]
[WhiteTeamCountry "GER"]
[BlackTeamCountry "GER"]

1. e4 c6 2. d4 d5 3. exd5 cxd5 4. c4 Nf6 5. Nc3 g6 6. Bf4 a6 7. Nf3 Bg7 8. Be2 0-0 9. 0-0 Nc6 10. Rc1 Be6 11. Ng5 Bf5 12. c5 h6 13. Nf3 Ne4 14. Qb3 Nxd4 15. Nxd4 Bxd4 16. Bxh6 Nxc5 17. Qxd5 Be6 18. Qg5 Re8 19. Rfd1 Bf5 20. Qh4 Bf6 21. Qb4 Nd7 22. Nd5 Be5 23. Qxb7 Rb8 24. Qxa6 Rxb2 25. Bb5 Qb8 26. Nxe7+ Kh7 27. Nxf5 Bxh2+ 28. Kh1 Rxb5 29. Rxd7 Rxf5 30. Qb7 Kxh6 31. Qc6 Rh5 32. g4 Bg1+ 0-1

[Event "Bayern-ch (Women) 78th"]
[Site "Vaterstetten"]
[Date "2007.08.23"]
[Round "7"]
[White "Niedermaier, Barbara"]
[Black "Lenk, Sandra"]
[Result "1-0"]
[WhiteElo "1879"]
[BlackElo "1743"]
[PlyCount "57"]
[EventDate "2007.08.18"]
[EventType "swiss"]
[EventRounds "9"]
[EventCountry "GER"]
[SourceTitle "EXT 2015"]
[Source "ChessBase"]
[SourceDate "2014.11.20"]
[SourceVersion "1"]
[SourceVersionDate "2014.11.20"]
[SourceQuality "1"]

1. e4 b6 2. d4 Bb7 3. Bd3 Nf6 4. Qe2 e6 5. Nf3 d5 6. e5 Ne4 7. Nbd2 Nxd2 8. Bxd2 c5 9. c3 Be7 10. 0-0 Qc8 11. Rac1 Ba6 12. c4 Bxc4 13. Bxc4 dxc4 14. dxc5 b5 15. b3 Bxc5 16. bxc4 b4 17. Ng5 Qb7 18. Qh5 g6 19. Qh6 Bf8 20. Qh3 a5 21. Rfd1 Qe7 22. Qf3 Ra7 23. Ne4 Bg7 24. Nd6+ Kf8 25. Bg5 f6 26. exf6 Qc7 27. fxg7+ Kxg7 28. Bf6+ Kg8 29. c5 1-0